000
00260nam a2200109Ia 4500
008
240625s9999 xx 000 0 und d
041
_a
eng
082
_a
658.3124 HAY
100
_a
HAY JULIE
245
_a
SIMULATIONS FOR ASSESSMENT TRAINING AND
260
_c
2010
999
_c
34903
_d
34903